Microfoundations of financial economics : an introduction to general equilibrium asset pricing

Αποθηκεύτηκε σε:
Λεπτομέρειες βιβλιογραφικής εγγραφής
Κύριος συγγραφέας: Lengwiler, Yvan
Μορφή: Βιβλίο
Γλώσσα:English
Δημοσίευση: Princeton, NJ : Princeton University Press, c2004
Σειρά:Princeton series in finance
Θέματα:
Ετικέτες: Προσθήκη ετικέτας
Δεν υπάρχουν, Καταχωρήστε ετικέτα πρώτοι!

MARC

LEADER 00000nam a2200000 i 4500
001 1/61495
008 071102s2004 eng d
020 |a 0-691-11315-7 
035 |l 10092024 
040 |a GR-MY-UA  |b gre  |e aacr 
041 0 |a eng 
082 0 |a 332.015195  |2 (22) 
100 1 |a Lengwiler, Yvan. 
245 1 0 |a Microfoundations of financial economics :  |b an introduction to general equilibrium asset pricing /  |c Yvan Lengwiler 
260 |a Princeton, NJ :   |b Princeton University Press,   |c c2004 
300 |a xvi, 287 σ.;  |b εικ.;  |c 24 εκ. 
490 1 |a Princeton series in finance 
504 |a Περιλαμβάνει βιβλιογραφικές παραπομπές (σ. 269-284) και ευρετήριο 
650 0 0 |a Finance. 
650 0 0 |a Economics. 
650 0 0 |a Capital assets pricing model. 
830 0 |a Princeton series in finance 
852 |a INST  |b SAMOS  |e 20071102  |h 332.015195 LEN  |p 005300027911  |q 005300027911  |t BK  |y 0 
901 |a BIBL3-2007-3 
909 |a Σ  |b 140114 
922 |a 3ΕΛΗ  |b 200710  |c ΕΠΕΑΕΚ2/ΤΣΑΕ  |d ΠΑΠΑΣΩΤΗΡΙΟΥ 
970 |a ΡΟΥΣΣΟΥ  |b ΚΩΝΣΤΑΝΤΙΝΑ  |z 2007/11/02